00483nam a22001577a 4500010001400000020002600014035001700040037001300057082000600070100002000076245007700096260003200173270006800205300003200273700002000305 a1718CH-EN a9780143333982c199.00 aB-673307-321 aDPLbBSB aS aAlter, Stephen  aThe secret sanctuary / cby Stephen Alter; illustrated by Prabha Mallya  aGurgaon bPuffin Bookc2015 a7th Floor, Infinity Tower C, DLF Cyber City, bGurgaon e122002 avarious pagings c19cm(pbk) aMallya, Prabha